Central Library OPAC University of Rajshahi

A treatise on hydrodynamics : (Record no. 72609)

MARC details
000 -LEADER
fixed length control field 00625nam a2200205 a 4500
001 - CONTROL NUMBER
control field 72609
003 - CONTROL NUMBER IDENTIFIER
rucl marc code BD-RjUL
005 - DATE AND TIME OF LATEST TRANSACTION
control field 20211209082303.0
008 - FIXED-LENGTH DATA ELEMENTS--GENERAL INFORMATION
fixed length control field 170521s1888 enka 000 0 eng
035 ## - SYSTEM CONTROL NUMBER
System control number (BD-RjUL)72827
040 ## - CATALOGING SOURCE
Original cataloging agency DLC
Transcribing agency NbU
Modifying agency DLC
-- BD-RjUL
Language of cataloging eng
041 ## - LANGUAGE CODE
Language code of text/sound track or separate title eng
082 ## - DEWEY DECIMAL CLASSIFICATION NUMBER
Edition number 23
Classification number 532.5
Author mark and year BAT 1888
100 1# - MAIN ENTRY--PERSONAL NAME
Personal name Basset, Alfred Barnard,
Dates associated with a name 1854-1930.
9 (RLIN) 214771
245 12 - TITLE STATEMENT
Title A treatise on hydrodynamics :
Remainder of title with numerous examples /
Statement of responsibility, etc. By A. B. Basset.
260 ## - PUBLICATION, DISTRIBUTION, ETC. (IMPRINT)
Place of publication, distribution, etc. Cambridge [Eng.] :
Name of publisher, distributor, etc. Deighton, Bell and Co.,
Date of publication, distribution, etc. 1888.
300 ## - PHYSICAL DESCRIPTION
Pagination 2 v. :
Illustrations ill. ;
Size 23 cm.
650 #0 - SUBJECT ADDED ENTRY--TOPICAL TERM
Topical term or geographic name as entry element Hydrodynamics.
9 (RLIN) 214772
942 ## - ADDED ENTRY ELEMENTS (KOHA)
Source of classification or shelving scheme Dewey Decimal Classification
Koha item type Books
Holdings
Lost status Source of classification or shelving scheme Damaged status Not for loan Collection code Permanent Location Current Location Shelving location Date acquired Source of acquisition Cost, normal purchase price Total Checkouts Full call number Date last seen Copy number Koha item type
  Dewey Decimal Classification   Not For Loan Non-fiction Central Library, University of Rajshahi Central Library, University of Rajshahi Reading Room 15/11/1965 Zeitlinger 14.00   532.5 BAT 1888 21/05/2017 C-1 Books